000 00353 a2200145 4500
001 153069
040 _cEscola São Tomás de Aquino
100 _aCAIERO, Alberto
240 1 0 _aPedacinhos de poemas de Fernando Pessoa
_lpor
245 1 0 _aPedacinhos de poemas de Fernando Pessoa
362 0 _a1998
440 1 _aRHJ
697 _aPoesia
942 _cBK
999 _c153069
_d153069